Quiz mathématique rapide, juste un petit quiz 10 - Statistiques

Statistiques générales
  • Ce quiz a été pris 617 fois
  • Le résultat moyen est 14 sur 15
Statistiques - réponses
Hint Réponse % Correct
2 x 7 = 14
100%
1 x 7 = 7
100%
3 x 7 = 21
99%
4 x 7 = 28
98%
5 x 7 = 35
98%
6 x 7 = 42
98%
7 x 7 = 49
97%
10 x 7 = 70
97%
8 x 7 = 56
96%
11 x 7 = 77
96%
9 x 7 = 63
95%
12 x 7 = 84
91%
13 x 7 = 91
89%
14 x 7 = 98
85%
15 x 7 = 105
81%
Aucun quiz correspondant
Distribution des résultats
% des personnes avec chaque résultat
Percentile par nombre de réponses
Votre historique - résultats
Vous n’avez pas pris ce quiz